|
|
|
|
| LEADER |
01351nam a2200349 a 4500 |
| 001 |
EBC438930 |
| 003 |
MiAaPQ |
| 005 |
20200520144314.0 |
| 006 |
m o d | |
| 007 |
cr cn||||||||| |
| 008 |
061013s2007 enka sb 001 0 eng |
| 010 |
|
|
|z 2006034252
|
| 020 |
|
|
|z 9780566087295 (alk. paper)
|
| 020 |
|
|
|z 0566087294 (alk. paper)
|
| 035 |
|
|
|a (MiAaPQ)EBC438930
|
| 035 |
|
|
|a (Au-PeEL)EBL438930
|
| 035 |
|
|
|a (CaPaEBR)ebr10228270
|
| 035 |
|
|
|a (CaONFJC)MIL133271
|
| 035 |
|
|
|a (OCoLC)568325886
|
| 040 |
|
|
|a MiAaPQ
|c MiAaPQ
|d MiAaPQ
|
| 050 |
|
4 |
|a HD69.P75
|b S57 2007
|
| 082 |
0 |
4 |
|a 658.4/04
|2 22
|
| 100 |
1 |
|
|a Smith, Charles,
|d 1947-
|
| 245 |
1 |
0 |
|a Making sense of project realities
|h [electronic resource] :
|b theory, practice and the pursuit of performance /
|c Charles Smith.
|
| 260 |
|
|
|a Aldershot, England :
|b Gower ;
|a Burlington, VT :
|b Ashgate Publishing,
|c c2007.
|
| 300 |
|
|
|a xii, 192 p. :
|b ill.
|
| 504 |
|
|
|a Includes bibliographical references (p. [181]-185) and index.
|
| 533 |
|
|
|a Electronic reproduction. Ann Arbor, MI : ProQuest, 2015. Available via World Wide Web. Access may be limited to ProQuest affiliated libraries.
|
| 650 |
|
0 |
|a Project management.
|
| 655 |
|
4 |
|a Electronic books.
|
| 710 |
2 |
|
|a ProQuest (Firm)
|
| 856 |
4 |
0 |
|u https://ebookcentral.proquest.com/lib/matrademy/detail.action?docID=438930
|z Click to View
|